[Event "EU-ch rapid"]
[Site "Warsaw"]
[Date "2013.12.14"]
[Round "2"]
[White "Moiseenko, Alexander"]
[Black "Artinyan, Remy"]
[Result "1-0"]
[WhiteElo "2713"]
[BlackElo "2061"]
[PlyCount "41"]
[EventDate "2013.12.14"]
[EventType "swiss (rapid)"]
[EventRounds "11"]
[EventCountry "POL"]
[SourceTitle "CBM 157 Extra"]
[Source "ChessBase"]
[SourceDate "2013.12.19"]
[SourceVersion "1"]
[SourceVersionDate "2013.12.19"]
[SourceQuality "1"]

1. d4 d5 2. c4 e6 3. Nc3 Be7 4. cxd5 exd5 5. Bf4 c6 6. e3 Bf5 7. Nge2 h6 8. Ng3 Bh7 9. Bd3 Bxd3 10. Qxd3 Nf6 11. 0-0 Nbd7 12. f3 0-0 13. e4 Re8 14. e5 Nh7 15. Be3 Ndf8 16. f4 Qd7 17. f5 Bg5 18. Bxg5 Nxg5 19. Nh5 Rad8 20. Qg3 c5 21. h4 1-0

[Event "Loire-ch Top20 0910"]
[Site "Loire"]
[Date "2010.03.27"]
[Round "6"]
[White "Artinyan, Remy"]
[Black "Morice, Ludovic"]
[Result "1-0"]
[WhiteElo "2136"]
[BlackElo "2082"]
[PlyCount "77"]
[EventDate "2009.12.??"]
[EventType "tourn"]
[EventRounds "7"]
[EventCountry "FRA"]
[SourceTitle "EXT 2011"]
[Source "ChessBase"]
[SourceDate "2010.11.26"]
[SourceVersion "1"]
[SourceVersionDate "2010.11.26"]
[SourceQuality "1"]

1. Nf3 e6 2. e3 d5 3. c4 c6 4. b3 Nd7 5. Bb2 Ngf6 6. d4 Bd6 7. Bd3 0-0 8. 0-0 Ne4 9. Ne5 f5 10. Nxd7 Bxd7 11. Bxe4 fxe4 12. Ba3 Bxa3 13. Nxa3 Qe7 14. Nc2 Qh4 15. f4 exf3 16. Rxf3 Rxf3 17. Qxf3 Rf8 18. Qe2 Qe4 19. Ne1 e5 20. Qd3 Qh4 21. Qd2 e4 22. Nc2 Bg4 23. Qe1 Qh5 24. cxd5 cxd5 25. Na3 Be2 26. Qg3 Qf5 27. h3 Bd3 28. Rc1 Rc8 29. Rc7 Rxc7 30. Qxc7 Qf8 31. Qa5 b5 32. Kh2 Qb8+ 33. Kg1 Kf7 34. Kh1 Ke6 35. Qa6+ Kd7 36. Qa5 Qb7 37. Qb4 Ke6 38. Qc5 Qb6 39. Qc8+ 1-0